Un programa económico para Andalucía, 1976-1979 / (Record no. 131493)

MARC details
000 -LEADER
campo de control de longitud fija 00678nam a2200181 i 4500
001 - NÚMERO DE CONTROL
campo de control 131493
003 - IDENTIFICADOR DE NÚMERO DE CONTROL
campo de control ES-MaACL
005 - FECHA Y HORA DE LA ÚLTIMA TRANSACCIÓN
campo de control 20230906194007.0
007 - CAMPO FIJO DE DESCRIPCIÓN FÍSICA--INFORMACIÓN GENERAL
campo de control de longitud fija t|
008 - DATOS DE LONGITUD FIJA--INFORMACIÓN GENERAL
campo de control de longitud fija 070214s1976 sp b |||| | spa d
100 1# - ENTRADA PRINCIPAL--NOMBRE DE PERSONA
Nombre de persona Rodríguez Alcaide, José Javier.
9 (RLIN) 98324
245 13 - MENCIÓN DEL TÍTULO
Título Un programa económico para Andalucía, 1976-1979 /
Mención de responsabilidad, etc. José Javier Rodríguez Alcaide.
260 ## - PUBLICACIÓN, DISTRIBUCIÓN, ETC.
Lugar de publicación, distribución, etc. Sevilla :
Nombre del editor, distribuidor, etc. Universidad,. Instituto de Desarrollo Regional,
Fecha de publicación, distribución, etc. 1976.
300 ## - DESCRIPCIÓN FÍSICA
Extensión XXIV, 350 p. ;
Dimensiones 24 cm +
Material acompañante/anejo 31 map.
651 #4 - PUNTO DE ACCESO ADICIONAL DE MATERIA--NOMBRE GEOGRÁFICO
Nombre geográfico Andalucía-
Subdivisión general Situación económica-
Subdivisión cronológica 1975-1982.
9 (RLIN) 169199
710 2# - ENTRADA AGREGADA--NOMBRE DE ENTIDAD CORPORATIVA
Nombre de entidad corporativa o nombre de jurisdicción como elemento de entrada Universidad de Sevilla.
Unidad subordinada Instituto de Desarrollo Regional.
9 (RLIN) 169195
852 ## - LOCALIZACIÓN
Ubicación ES-MaACL
Número de control de estantería A-6263
Holdings
Estatus retirado Estado de pérdida Estado de daño No para préstamo Biblioteca de origen Biblioteca actual Ubicación en estantería Fecha de adquisición Fuente de adquisición Total de préstamos Signatura topográfica completa Código de barras Visto por última vez Precio de reemplazo Tipo de ítem Koha
        Biblioteca del Ateneo de Madrid Biblioteca del Ateneo de Madrid Sala Pecera Planta 1 17/01/2008     A-6263 1136892 23/02/2023 23/02/2023 Libro impreso